Guess the Movie - Minimalistic Pictures #5 - Statistics

General Stats
  • This quiz has been taken 94 times
    92 since last reset
  • The average score is 8 of 20
Answer Stats
Picture Hint Answer % Correct
1993 Jurassic Park
82%
2004 Troy
68%
2011 Puss in Boots
63%
1973 The Exorcist
63%
2013 The Great Gatsby
59%
2002 Ice Age
56%
1995 Jumanji
54%
1976 Taxi Driver
52%
2009 Astro Boy
44%
2006 The Da Vinci Code
44%
1990 Home Alone
43%
2013 The Wolf of Wall Street
37%
2010 127 Hours
35%
2012 The Three Stooges
32%
2004 National Treasure
22%
2006 The Ant Bully
15%
1983 The Goonies
13%
2008 Wanted
13%
2012 The Hobbit Series
6%
1999 Sleepy Hollow
5%
No matching quizzes found
Score Distribution
Percent of People with Each Score
Percentile by Number Answered
Your Score History
You have not taken this quiz since the last reset